000 00415nam a2200169Ia 4500
008 210210b1843 xxu||||| |||| 00| 0 eng d
041 _aeng
082 _a822/1041
100 _aRUSKLN (J)
245 _aModern Painters: selections
260 _aLondon
_bThomas Nelson and Sons Limited
_c1843
650 _aselections
650 _aPainters:
650 _aModern
690 _aEnglish Prose
906 _a013224
999 _c132082
_d132082